000 00578nam a22001697a 4500
020 _qHBK.
082 _a621.3
100 _aMir, Mishal Jamil
245 _aCustom Peripheral Integration in Open - Source Processors /
_cMishal Jamil Mir.
260 _aIslamabad:
_bSEECS - NUST,
_c2018.
300 _a51 p. : ill. ;
_c30cm.
650 _aElectrical Engineering - MS Thesis.
_916073
700 _aDr. Awais Mehmood Kamboh.
_919312
856 _uhttp://10.250.8.41:8080/xmlui/handle/123456789/25025
942 _2ddc
_cTHE
999 _c527835
_d527835